000 00559nam a2200217Ia 4500
008 101110s9999 xx 000 0 und d
041 _aENGLISH
082 _bSR30487
100 _aBangui P.S., Phatak V.V., and others
245 _aA new course in physics-I SYBSc
260 _c2004
_bSheth Publishers, Mumbai
300 _a169
365 _b100
520 _aPhysics
546 _aENGLISH
630 _aA new course in physics-I SYBSc
650 _aPhysics
655 _aPhysics
730 _aA new course in physics-I SYBSc
942 _cBOOK
999 _c822992
_d822989